000
00325nam a2200133Ia 4500
008
191201s2011 xx 000 0 und d
082
_a
510
_b
SHA
100
_a
SHARMA, RD
245
0
_a
Applied mathematics Vol-1
250
_a
Rep
260
_c
2011
_b
Dhanpat Rai Pubns (P) Ltd
_a
NEW DELHI
300
_a
mics.
942
_2
ddc
_c
BK
999
_c
7994
_d
7994